[Event "Usti nad Labem Chlumecky Blitz op"]
[Site "Usti nad Labem"]
[Date "2024.05.05"]
[Round "11"]
[White "Godlova, Kamila"]
[Black "Kerej, Junus Tulengaliuly"]
[Result "0-1"]
[WhiteElo "1598"]
[BlackElo "1738"]
[PlyCount "58"]
[EventDate "2024.05.05"]
[EventType "swiss (blitz)"]
[EventRounds "15"]
[EventCountry "CZE"]
[SourceTitle "CB20_2024"]
[SourceDate "2024.05.16"]
[SourceVersion "1"]
[SourceVersionDate "2024.05.16"]
[SourceQuality "1"]

1. e4 e5 2. Nf3 Nc6 3. Bc4 Nf6 4. Nc3 Be7 5. d3 d6 6. Nd5 0-0 7. Nxf6+ Bxf6 8. 0-0 Na5 9. Nd2 Bg5 10. b4 Nxc4 11. Nxc4 Bxc1 12. Rxc1 f5 13. c3 f4 14. Qf3 g5 15. h3 Qe8 16. g4 fxg3 17. Qxg3 Qg6 18. Ne3 Be6 19. c4 Rf4 20. Ng2 Rf6 21. Rce1 Raf8 22. Re2 Rf3 23. Qxf3 Rxf3 24. Re3 Qh5 25. Rxf3 Qxf3 26. Ne3 Bxh3 27. Re1 g4 28. Kh2 Qxf2+ 29. Ng2 Qxg2# 0-1